000 00453nam a22001217a 4500
005 20260629132158.0
100 _aArhama Ansari
_a21-MCSE-07
_aSupervisor - Prof.Dr. Intesab Hussain Sadhayo
_91034
245 _aMalaria Parasite Classification From Microscopic Blood Film Image Using Deep Learning Algorithms (Thesis MS)
260 _aNawabshah
_bQUEST
_c2025
300 _a92p.
700 _aDepartment of Computer Systems Engineering
_9952
942 _cTHESIS
999 _c69091
_d69088